00501nam a2200181Ia 4500008004100000041001200041082001000053082001100063100002400074100001100098245009000109260001300199260003500212260000900247300001500256365002500271650002300296150901s9999 xx 000 0 und d aEnglish a302.2 bKAN/HE aKannan K.P et al eAuthor aHealth and Development in rural kerala: a study of the linkages between socioeconomic aThrissur bKerala sastra sahitya parishad c2000 a216 Pages aRS.150/-  aHealth development